000 00640nam a2200181 i 4500
001 36358
003 ES-MaACL
005 20230906155343.0
007 t|
008 030218s1970 sp ||||1| spa d
100 1 _aBuffet-Challie, Laurence.
_932435
245 1 3 _aEl arte de las flores en Europa
_b: cómo confeccionar un ramo /
_cpor Laurence Buffet-Challie ; asesor floral: Jacques Bédat ; [traducción de Roser Berdagué].
260 _aBarcelona :
_bAymá,
_c[1970]
300 _a208 p., 6 lám. :
_bil. ;
_c25 cm.
700 1 _aBédat, Jacques.
_926988
700 1 _aBerdagué, Roser.
_927859
852 _aES-MaACL
_jC-37575
_bR.75990
999 _c36358
_d36358